00777nam a2200193 a 450000100100000000500170001000800410002704000250006808200170009324500550011026000660016530000440023150000390027550000690031471000530038304900090043695201210044599900170056600002495420200930023454.0110208s1960 ck abc r 001 0 spa d aDO-SdBNPbspacBNPHU axxxxxbN964t03aEl nuevo testamento de nuestro señor jesucristo. aBogotá :bSociedades Bíblicas en América Latina,c1960. a253 p. :bil., mapas., retrs. ;c28 cm. aIncluye índice de ilustraciones. aEn la portada: versión Rina-Valera revisada con ilustraciones.1 aSociedades Bíblicas en América Latina951216 aBNGR 001054708MOaGRbGRcCTd2011-02-08iLF1l0oxxxxx N964tp24954-10r2020-06-25w2020-06-25y4ZPréstamo en sala c24447d24447